000 00241nam a2200097Ia 4500
001 684561
005 20250826161500.0
008 250824s9999 xx 000 0 und d
245 0 _aZafer Yahut Hiç
_cMustafa Kutlu
260 _bDergah Yayınları
999 _c684561
_d684561